Bilancování majetku v americkém účetním systému

Účtovný systém USA. Účely americkej účtovnej závierky a najdôležitejšie účtovné princípy. Definícia majetku. Hospodársky úžitok a jeho kontrola. Zvláštnosti nehmotného majetku na príklade goodwillu.

Guardado en:
Detalles Bibliográficos
Autor principal: Brož, Jan
Formato: Capítulo de libro
Lenguaje:checo
Materias:
Etiquetas: Agregar Etiqueta
Sin Etiquetas, Sea el primero en etiquetar este registro!

MARC

LEADER 00000naa a2200000 4500
001 r035116
005 20230913084426.7
041 0 |a cze 
044 |a CZ 
245 1 0 |a Bilancování majetku v americkém účetním systému  |c Jan Brož 
520 |a Účtovný systém USA. Účely americkej účtovnej závierky a najdôležitejšie účtovné princípy. Definícia majetku. Hospodársky úžitok a jeho kontrola. Zvláštnosti nehmotného majetku na príklade goodwillu. 
610 2 0 |a systémy účtovné 
610 2 0 |a USA 
610 2 0 |a majetok 
610 2 0 |a majetok podnikový 
610 2 0 |a majetok nehmotný 
610 2 0 |a závierka účtovná 
100 1 |a Brož, Jan